LINGUE ROMANZE RICONOSCIUTE (per numero di parlanti) - Statistics

Statistiche generali
  • Questo quiz è stato fatto 227 volte
    226 dall'ultimo reset
  • Il punteggio medio è 10 su 14
Statistiche sulle risposte
Classifica Numero di parlanti e status Lingua % Corretto
2 277 Mln di cui 77 nativi, ufficiale/co-ufficiale in 35 paesi Francese
99%
4 68 Mln di cui 64 nativi, ufficiale/co-ufficiale in 4 paesi Italiano
99%
1 538 Mln di cui 463 nativi, ufficiale/co-ufficiale in 23 paesi Spagnolo
98%
3 252 Mln di cui 228 nativi, ufficiale in 8 paesi Portoghese
93%
6 10 Mln, co-ufficiale in Spagna, riconosciuta e tutelata in Italia Catalano
91%
5 30 Mln, ufficiale in 2 paesi, minoritaria riconosciuta in 4 paesi Romeno
91%
9 1,3 Mln, minoritaria riconosciuta e tutelata in Italia Sardo
76%
14 41.000, co-ufficiale in Italia a livello regionale in Italia Ladino
73%
13 44.000, co-ufficiale in Svizzera Romancio
62%
10 600.000, minoritaria riconosciuta e tutelata in Italia Friulano
45%
8 3,2 Mln, co-ufficiale in Spagna a livello regionale Galiziano
44%
7 3,3 Mln, co-ufficiale in Spagna a livello regionale (Aranese) minoritaria riconosciuta e tutelata in Italia. Occitano
41%
11 330.000, minoritaria riconosciuta in Francia e Italia Còrso
27%
12 130.700, co-ufficiale in Italia a livello regionale Franco-Provenzale
24%
Nessun quiz corrispondente trovato
Distribuzione punteggi
Percentuale di utenti per punteggio
Percentile per numero di risposta
I tuoi punteggi nel tempo
Non hai fatto questo quiz dall'ultimo reset